Plant ecology / (Record no. 40376)
[ view plain ]
| 000 -LEADER | |
|---|---|
| fixed length control field | 00692nam a22002177a 4500 |
| 005 - DATE AND TIME OF LATEST TRANSACTION | |
| control field | 20100809143215.0 |
| 010 ## - LCCN (DPL NO) | |
| LC control number | ENG-98785 |
| 020 ## - INTERNATIONAL STANDARD BOOK NUMBER | |
| International Standard Book Number | 9788199557168 |
| Terms of availability | 100.00 |
| 035 ## - SYSTEM CONTROL NUMBER | |
| System control number | EN-82317 |
| 037 ## - SOURCE OF ACQUISITION | |
| Source of stock number/acquisition | DBAD/PUB |
| 082 ## - DEWEY DECIMAL CLASSIFICATION NUMBER | |
| Classification number | 581.5 |
| 100 ## - MAIN ENTRY--PERSONAL NAME | |
| Personal name | Shanmugam, N. |
| 245 ## - TITLE STATEMENT | |
| Title | Plant ecology / |
| Statement of responsibility, etc | by N.Shanmugam |
| 260 ## - PUBLICATION, DISTRIBUTION, ETC. (IMPRINT) | |
| Place of publication, distribution, etc | Chennai |
| Name of publisher, distributor, etc | Narayan Publications |
| Date of publication, distribution, etc | 2009 |
| 270 ## - ADDRESS | |
| Address | 6,Gajapathy Lane Triplicane, |
| City | Chennai |
| Postal code | 5 |
| 300 v# - PHYSICAL DESCRIPTION | |
| Extent | 115p. |
| Dimensions | 23cm (pbk) |
| 700 ## - ADDED ENTRY--PERSONAL NAME | |
| 9 (RLIN) | 8297 |
| 700 ## - ADDED ENTRY--PERSONAL NAME | |
| 9 (RLIN) | 8298 |
| 942 ## - ADDED ENTRY ELEMENTS (KOHA) | |
| Source of classification or shelving scheme | Dewey Decimal Classification |
| Item type | English Books |
| Classification part | 581.5 |
| Call number suffix | SHA |
| Withdrawn status | Lost status | Not for loan | Collection code | Home library | Current library | Date acquired | Source of acquisition | Cost, normal purchase price | Full call number | Barcode | Copy number | Cost, replacement price | Koha item type |
|---|---|---|---|---|---|---|---|---|---|---|---|---|---|
| Not For Loan | Non-fiction | D.B.Act.Division | D.B.Act.Division | 09/08/2010 | DBAD/PUB | 100.00 | 581.5 SHA | EN-82317 | 1 | 100.00 | English Books |
